Score 0/55 Timer 10:00
0 Plays Today
% Correct
and
93.8%
and
93.8%
to
93.8%
to
93.8%
you
93.8%
to
93.8%
a
93.8%
you
93.8%
to
93.8%
Ginny
87.5%
the
87.5%
Mickey
87.5%
your
87.5%
Minnie
87.5%
the
87.5%
Ginny!
87.5%
than
87.5%
take
87.5%
Ginny!
87.5%
cuter
87.5%
than
87.5%
pig
87.5%
take
87.5%
Winnipeg
87.5%
That's
87.5%
in
87.5%
Canada!
87.5%
Ginny,
87.5%
% Correct
Ginny,
87.5%
Ginny...
87.5%
You're
81.3%
fun
81.3%
You're
81.3%
I'm
81.3%
You're
81.3%
You're
81.3%
You're
81.3%
up
81.3%
tall
75%
really,
75%
really
75%
pretty
75%
Wanna
75%
Wanna
75%
skinny
68.8%
my
68.8%
Winnie
68.8%
out
68.8%
Tigger
62.5%
hotter
31.3%
dinney
25%
Err...
12.5%
Laura
12.5%
ginnea
12.5%
Linney
6.3%
Come Together.
Have Fun.
All Virtual.
We all need to come together. Play Sporcle's virtual live trivia to have fun, connect with people, and get your trivia on. Join a live hosted trivia game for your favorite pub trivia experience done virtually. If a virtual private party is more your thing, go here for details.

You're not logged in!

Compare scores with friends on all Sporcle quizzes.
OR
Log In

Sporcle TV

Today on Sporcle TV


Watch our educational content, quiz creation guides, and fun videos on Sporcle TV.

Show Comments

Extras

Top Quizzes Today


Score Distribution

Paid Content

Your Account Isn't Verified!

In order to create a playlist on Sporcle, you need to verify the email address you used during registration. Go to your Sporcle Settings to finish the process.

Report this User

Report this user for behavior that violates our Community Guidelines.

Details: